000 01209nam a22002897a 4500
001 6396
003 FISKH
005 20251218154401.0
008 250428b cb ||||| |||| 00| 0 eng d
020 _a9780590446891
040 _aFISKH
_beng
_cFISKH
_dFISKH
050 _aQE862.D5 C694
082 _a567.91
100 _aCole, Joanna
245 _aThe magic school bus :
_bIn the time of the Dinosaurs /
_cBy Joanna Cole ; Illustrated by Bruce Degen
260 _aNew York :
_bScholastic,
_c1994.
300 _a48 pages :
_bcolor illustrations ;
_c22 x 26 cm
505 _aP
520 _aJuvenile Nonfiction. Reference. HTML:The classroom is decorated as Dinosaur Land, but Ms. Frizzle-inspired by an archeological dig-craves a more authentic experience. The Magic School Bus turns into a time machine and transports the class back millions of years to an adventure where they learn about dinosaurs, their habitats and diets, and even a Maiasaura nesting ground.
521 8 _a650
_bLexile estimate
521 8 _aP
_bRaz-Plus
650 _aDinosaurs
_vFiction
_xElementary
650 _aFossils
700 _aDegen, Bruce
_eillustrator
942 _2ddc
_cBK
_n0
999 _c6396
_d6396